|
|
|
|
| LEADER |
00997naa a2200229 i 4500 |
| 001 |
acta64044 |
| 005 |
20260312091413.0 |
| 008 |
191125s2009 hu o 100 hun d |
| 020 |
|
|
|a 978-963-482-967-6
|
| 040 |
|
|
|a SZTE Egyetemi Kiadványok Repozitórium
|b hun
|
| 041 |
|
|
|a hun
|
| 245 |
0 |
0 |
|a 80 év a zenei nevelés szolgálatában
|h [elektronikus dokumentum] :
|b tanulmánykötet az SZTE Juhász Gyula Pedagógusképző Kar Ének-zene Tanszék megalakulásának 80. évfordulójára
|
| 260 |
|
|
|a SZTE JGYPK Művészeti Intézet Ének-zene Tanszék
|b Szeged
|c 2009
|
| 300 |
|
|
|a 152
|c 21 cm
|
| 490 |
0 |
|
|a Nemzetközi Zenei Konferencia
|v 9
|
| 650 |
|
4 |
|a Társadalomtudományok
|
| 650 |
|
4 |
|a Oktatástudomány
|
| 650 |
|
4 |
|a Bölcsészettudományok
|
| 650 |
|
4 |
|a Művészetek (művészetek, művészettörténet, előadóművészetek, zene)
|
| 695 |
|
|
|a Zenei nevelés - Magyarország - tanulmányok
|
| 700 |
0 |
1 |
|a Dombi Józsefné
|
| 856 |
4 |
0 |
|u http://acta.bibl.u-szeged.hu/64044/1/80_ev.pdf
|z Dokumentum-elérés
|